000 02229nam a2200517 a 4500
003 BLK
005 20230803155639.0
008 180411b bul|||||r ||||||| ||bul||
010 _aKNG00174648000
020 _a978-954-337-232-4
040 _aBLK
041 _aBUL
_cBUL
072 7 _2bullib
_aН70
_xИзкуства Н
072 7 _2bullib
_aК
_xКраезнание
072 7 _2bullib
_aРА
_xРусенски автори
080 _aАктьори, театрални
_b792.071.2
_x(497.215)(092)
_z792.071.2(497.215)(092)
080 _aБългарски актьор
_b929 Чиприянов, Никола Йозов
_z929 Чиприянов, Никола Йозов
139 _aСлучайността е другото име на Бога
_bЧ 83
245 1 0 _aСлучайността е другото име на Бога
_bКн. за актьора Никола Чиприянов
_cсъстав. Ана Чиприянова, Мая Ангелова, Мира Живодарова Душкова.
257 _aBGR
260 _bАвангард принт
_c2014
_aРусе
300 _a148 с.
_c21Х21 см
_eCD
380 _a7
500 _aБиблиогр. с. 132-136. - Прил. със същото загл. и сигн. CD 3933.
600 1 4 _aЧиприянов, Никола Йозов
_9337293
650 4 _aЧиприянов, Никола Йозов
_9337293
650 4 _aАктьори, български
_9263862
650 4 _aАртисти, български
_9255582
651 4 _aРусе
_9179462
651 4 _aБългария
_9241624
653 _aНикола Чиприянов
653 _aбългарски артисти
653 _aактьори
659 _aК
700 1 _aЧиприянова, Ана
_eсъстав.
_9337292
700 1 _aАнгелова, Мая
_eсъстав.
_9370793
700 _aДушкова, Мира Живодарова
_d1974-
_9268631
852 _aЦб 274007
_bЦб
852 _aК 792/Ч 83 Н
856 4 _qpdf
856 4 _qpdf
942 _cKNG
_n0
_s1
944 _aCR
_c28.04.2015
_lТеодора Пейчева-Дянкова
_k30556
944 _aED
_c10.07.2023
_kир
999 _c166887
_d166887
999 _d166887